Using dBASE III plus : version 1.10

Bibliographic Details
Format: Book
Published: Singapore : Tech Publ. , 1987
Subjects:

MARC

LEADER 00000cam a2200000 7i4500
001 0000009426
005 20161104.0
040 |a INS 
090 0 0 |a QA76.9.D3   |b M478 1987 
245 0 0 |a Using dBASE III plus :   |b version 1.10 
260 |a Singapore :   |b Tech Publ. ,   |c 1987 
300 |a various paging ;   |c 23cm. 
500 |a Includes index 
650 0 0 |a Database management 
650 0 0 |a dBASE III plus (Computer file) 
999 |a 0000022767   |b BOOK   |c Open Shelf   |e Default branch